|
|
|
|
| LEADER |
01802nim a2200517 i 4500 |
| 001 |
001806581 |
| 003 |
CZ BrMZK |
| 005 |
20220207075807.0 |
| 007 |
sd fungnnmmned |
| 008 |
211124t20212021xr ||nng f n cze |
| 024 |
3 |
|
|a 8596434010910
|
| 040 |
|
|
|a BOA001
|b cze
|e rda
|
| 041 |
1 |
|
|d cze
|h eng
|
| 072 |
|
7 |
|a 821.111-3
|x Anglická próza, anglicky psaná
|2 Konspekt
|9 25
|
| 080 |
|
|
|a 821.111-31
|2 MRF
|
| 080 |
|
|
|a (0:82-312.4)
|2 MRF
|
| 080 |
|
|
|a (086.7)08
|2 MRF
|
| 080 |
|
|
|a (086.76)
|2 MRF
|
| 100 |
1 |
|
|a Cole, Daniel,
|d 1983-
|7 xx0216283
|4 aut
|
| 240 |
1 |
0 |
|a Mimic.
|l Česky
|
| 245 |
1 |
0 |
|a Imitátor /
|c Daniel Cole ; překlad Lenka Faltejsková
|
| 264 |
|
1 |
|a [Praha] :
|b Témbr,
|c 2021
|
| 264 |
|
4 |
|c ©2021
|
| 300 |
|
|
|a 1 audiodisk (10 hod., 49 min.) ;
|c 12 cm
|
| 306 |
|
|
|a 104900
|
| 336 |
|
|
|a mluvené slovo
|b spw
|2 rdacontent
|
| 337 |
|
|
|a audio
|b s
|2 rdamedia
|
| 338 |
|
|
|a audiodisk
|b sd
|2 rdacarrier
|
| 344 |
|
|
|a digital
|b optical
|2 rda
|
| 347 |
|
|
|a audio soubor
|b MP3
|2 rda
|
| 500 |
|
|
|a Název z disku
|
| 500 |
|
|
|a Přeloženo z angličtiny
|
| 500 |
|
|
|a Podle stejnojmenné knihy vydané nakladatelstvím Euromedia Group, a.s. v edici Kalibr, 2021
|
| 508 |
|
|
|a Režie Jan Drbohlav
|
| 511 |
0 |
|
|a Čte Jan Drbohlav
|
| 655 |
|
7 |
|a anglické romány
|7 fd131814
|2 czenas
|
| 655 |
|
7 |
|a detektivní romány
|7 fd132010
|2 czenas
|
| 655 |
|
7 |
|a audioknihy
|7 fd119452
|2 czenas
|
| 655 |
|
7 |
|a kompaktní disky
|7 fd201991
|2 czenas
|
| 700 |
1 |
|
|a Faltejsková, Lenka,
|d 1974-
|7 ola2003191643
|4 trl
|
| 700 |
1 |
|
|a Drbohlav, Jan,
|d 1968-
|7 xx0057821
|4 drt
|
| 700 |
1 |
|
|a Vondráček, Jan,
|d 1966-
|7 jx20040723030
|4 nrt
|
| 910 |
|
|
|a BOA001
|b CDR-1477.988
|
| 990 |
|
|
|a AV
|
| 991 |
|
|
|b 202202
|c NOV
|
| 996 |
6 |
|
|b 2610886931
|c CDR-1477.988
|l MZK
|r Sklad / do 24 hodin
|n 1
|p p.v.
|w 001870448
|u 000010
|a 1
|e BOA001
|j MZK50
|s P
|